Club de Bundesliga sans voyelles - Statistiques

Statistiques générales
  • Ce quiz a été pris 67 fois
  • Le résultat moyen est 13 sur 18
Statistiques - réponses
Indices Club % Correct
BRSS DRTMND Borussia Dortmund
98%
SC FRBRG SC Fribourg
86%
WRDR BRM Werder Brême
85%
BRN MNCH Bayern Munich
83%
VFB STTTGRT VfB Stuttgart
81%
FC CLGN 1. FC Cologne
80%
HMBRG SV Hambourg SV
80%
RB LPZG RB Leipzig
80%
BR 04 LVRKSN Bayer 04 Leverkusen
78%
BRSS MNCHNGLDBCH Borussia Mönchengladbach
78%
NTRCHT FRNCFRT Eintracht Francfort
75%
NN BRLN Union Berlin
75%
VFL WLFSBRG VfL Wolfsburg
73%
TSG HFFNHM TSG Hoffenheim
63%
FSV MNC FSV Mayence
56%
FC ST. PL FC St. Pauli
53%
FC HDNHM 1. FC Heidenheim
46%
FC GSBRG FC Augsbourg
36%
Aucun quiz correspondant
Distribution des résultats
% des personnes avec chaque résultat
Percentile par nombre de réponses
Votre historique - résultats
Vous n’avez pas pris ce quiz